| 000 | 00514cam a22001692a 4500 | ||
|---|---|---|---|
| 001 | 000355 | ||
| 003 | AR-FADEU | ||
| 008 | 311216n20 n####xxu####################dd | ||
| 100 | _aTronelli, María de los Angeles | ||
| 245 | _aUna historia recorrida, una construcción, un aprendizaje... | ||
| 260 | _bFacultad de Derecho y Ciencias Sociales | ||
| 260 | _aGeneral Roca | ||
| 260 | _c20 noviembre 2008 | ||
| 440 | _aPráctica de Servicio Social en Comunidad | ||
| 650 | _aCOMUNIDAD ISRAELITA | ||
| 942 | _cFOLLETO | ||
| 999 |
_c1147 _d1147 |
||